Buddhist architecture of Korea / (Record no. 27162)

000 -LEADER
fixed length control field 01212cam a22003257a 4500
001 - CONTROL NUMBER
control field 14363994
005 - DATE AND TIME OF LATEST TRANSACTION
control field 20170207143233.0
008 - FIXED-LENGTH DATA ELEMENTS--GENERAL INFORMATION
fixed length control field 060504s2007 njuab b 001 0 eng d
010 ## - LIBRARY OF CONGRESS CONTROL NUMBER
LC control number 2006926997
020 ## - INTERNATIONAL STANDARD BOOK NUMBER
International Standard Book Number 9781565912267 (hbk.)
020 ## - INTERNATIONAL STANDARD BOOK NUMBER
International Standard Book Number 1565912268 (hbk.)
035 ## - SYSTEM CONTROL NUMBER
System control number (OCoLC)ocn173623452
040 ## - CATALOGING SOURCE
Original cataloging agency HKP
Transcribing agency HKP
Modifying agency BAKER
-- BTCTA
-- NLGGC
-- YDXCP
-- AU@
-- MUQ
-- SINLB
-- OCLCQ
-- ZQP
-- ZWZ
-- DLC
042 ## - AUTHENTICATION CODE
Authentication code lccopycat
043 ## - GEOGRAPHIC AREA CODE
Geographic area code a-kr---
050 00 - LIBRARY OF CONGRESS CALL NUMBER
Classification number NA6060
Item number .K58 2007
100 1# - MAIN ENTRY--PERSONAL NAME
Personal name Kim, Sung-woo.
245 10 - TITLE STATEMENT
Title Buddhist architecture of Korea /
Statement of responsibility, etc. by Kim Sung-woo.
260 ## - PUBLICATION, DISTRIBUTION, ETC. (IMPRINT)
Place of publication, distribution, etc. Elizabeth, N.J. ;
-- Seoul :
Name of publisher, distributor, etc. Hollym,
Date of publication, distribution, etc. 2007.
300 ## - PHYSICAL DESCRIPTION
Extent 152 p. :
Other physical details ill. ;
Dimensions 25 cm.
490 1# - SERIES STATEMENT
Series statement Korean culture series ;
Volume/sequential designation 9
504 ## - BIBLIOGRAPHY, ETC. NOTE
Bibliography, etc Includes bibliographical references (p. 125-126) and index.
650 #0 - SUBJECT ADDED ENTRY--TOPICAL TERM
Topical term or geographic name as entry element Buddhist architecture
Geographic subdivision Korea.
830 #0 - SERIES ADDED ENTRY--UNIFORM TITLE
Uniform title Korean culture series (Elizabeth, N.J.) ;
Volume number/sequential designation 9.
942 ## - ADDED ENTRY ELEMENTS (KOHA)
Source of classification or shelving scheme
Koha item type Hard Covered Materials
Classification part NA6060 .K58 2007
Holdings
Withdrawn status Lost status Source of classification or shelving scheme Damaged status Not for loan Home library Current library Shelving location Date acquired Source of acquisition Total Checkouts Full call number Barcode Date last seen Price effective from Koha item type
          MACHAKOS UNIVERSITY LIBRARY MACHAKOS UNIVERSITY LIBRARY Technical section 07/02/2017 Donation(BFA)   NA6060 .K58 2007 34838 31/07/2018 07/02/2017 Hard Covered Materials
© Machakos University Library, Along The Highway, Machakos Wote Rd, Machakos, Kenya P.O. Box 136 - 90100 Machakos - Kenya

Tel: ( +254 ) 723 805829 OR Fax : 044-20353 OR Email: library@mksu.ac.ke